Word Ladder: Eastern European Capital and Country Quiz Stats

 Plays Quiz Updated Nov 29, 2017

Challenge
Share
Tweet
Embed
Score 0/14 Timer 01:30
0 Plays Today
Clue 3-Letter Word % Correct
• Armed conflict between nations •• WAR •
98.9%
A vehicle used for transportationCAR
98.3%
• Wood cutting tool •• SAW •
96.3%
Crow soundCAW
94.7%
FriendPAL
93.2%
MelancholySAD
91.4%
• ___ Pot - leader of the Khmer Rouge (Cambodia) •• POL •
89.6%
Clue 3-Letter Word % Correct
Its varieties include bachelor, legal and lilyPAD
87.1%
Relative of soda or colaPOP
86.3%
Provide helpAID
84.7%
• Common conjunction •• AND •
83%
A slang term for a hatLID
80.3%
'Great Expectations' characterPIP
79.1%
Edge of a containerLIP
77.6%

Today's Daily Dose

You're not logged in!

Compare scores with friends on all Sporcle quizzes.
OR
Log In

You Might Also Like...

Show Comments

Extras

Top Quizzes Today


Score Distribution

Your Account Isn't Verified!

In order to create a playlist on Sporcle, you need to verify the email address you used during registration. Go to your Sporcle Settings to finish the process.

Report this User

Report this user for behavior that violates our Community Guidelines.

Details: